<An> Exposure of Commercial Banks in the Terms of an Impact of Government Bondholding with the Context of Its Risks and Implications
Aktuálne otázky týkajúce sa vládnych dlhopisov komerčných bánk v roku 2006.
Salvato in:
| Autore principale: | |
|---|---|
| Altri autori: | , , |
| Natura: | Capitolo di libro |
| Lingua: | inglese |
| Soggetti: | |
| Tags: |
Nessun Tag, puoi essere il primo ad aggiungerne!!
|
MARC
| LEADER | 00000naa a2200000 4500 | ||
|---|---|---|---|
| 001 | 0256813 | ||
| 005 | 20240502083730.2 | ||
| 041 | 0 | |a eng | |
| 044 | |a ME | ||
| 245 | 1 | 0 | |a <An> Exposure of Commercial Banks in the Terms of an Impact of Government Bondholding with the Context of Its Risks and Implications |c Božena Chovancová, Vladimír Gvozdják, Zoltán Rózsa, Ashiqur Rahman |
| 520 | |a Aktuálne otázky týkajúce sa vládnych dlhopisov komerčných bánk v roku 2006. | ||
| 610 | 2 | 0 | |a kríza finančná |
| 610 | 2 | 0 | |a dlhopisy štátne |
| 610 | 2 | 0 | |a politika úverová |
| 610 | 2 | 0 | |a banky obchodné |
| 610 | 2 | 0 | |a Európska únia |
| 100 | 1 | |a Chovancová, Božena | |
| 700 | 1 | |a Gvozdják, Vladimír | |
| 700 | 1 | |a Rózsa, Zoltán | |
| 700 | 1 | |a Rahman, Ashiqur | |